| 000 | 00457nam a2200157Ia 4500 | ||
|---|---|---|---|
| 003 | IN-BaIIA | ||
| 008 | 211028s9999 xx 000 0 eng d | ||
| 020 | _a978-3-527-40895-5 | ||
| 040 | _cIIA Library | ||
| 080 |
_a524.31-357 _bCLA |
||
| 100 |
_aClarke, David _933503 |
||
| 245 | 0 |
_aStellar polarimetry _cDavid Clarke |
|
| 260 |
_aWeinheim _bWiley-VCH Verlag Gmbh _c2010 |
||
| 300 | _axvi, 415p. | ||
| 942 | _cBK | ||
| 999 |
_c17682 _d17682 |
||